| 000 | 00735nam a22001697a 4500 | ||
|---|---|---|---|
| 005 | 20260218125126.0 | ||
| 008 | 260218b |||||||| |||| 00| 0 eng d | ||
| 020 | _a9788193418703 | ||
| 040 | _cVITAP | ||
| 082 |
_223rd Ed. _a709.54 BEH |
||
| 100 |
_aBehl, Benoy K _917086 |
||
| 245 |
_aThe Art of India _b: Sculpture and Mural Painting (Ancient and Medieval Period) : VOLUME 2 _c/ Benoy K Behl |
||
| 260 |
_aChennai _bFrontline and THG (The Hindu Group) Publishing Private Limited _c2024 |
||
| 300 |
_a259p. : ill. ; 29cm _bVOLUME 2 |
||
| 650 | 0 |
_aArt of India; Temples; Ajanta; Indian Painting; Khajuraho; Temple Cities of Tamilnadu; Trans Himalayan Monteries; Royal Art And Chola Temples of Tamilnadu _917092 _2 |
|
| 942 |
_2ddc _cREF |
||
| 999 |
_c47276 _d47276 |
||